Big City Greens Part 1 - Statistics

General Stats
  • This quiz has been taken 113 times
  • The average score is 13 of 20
Answer Stats
Hint Answer % Correct
Main character Cricket Green
99%
Has a fake leg Alice Green
97%
Works in the garden the most Bill Green
97%
Wears a purple dress Tilly Green
97%
Divorced wife and the "cool parent" Nancy Green
90%
Family dog Phoenix
78%
Co-owner of the cafe (not Alice) Gloria
69%
Bill's old best friend Joe
67%
Main antagonist Chip Whistler
65%
Alice's cat Dirtbag
59%
Cricket's crush Gabriella
58%
Goat who eats everything at inconvenient times Melissa
56%
The "cool" kid, always talks in one-liners Weezy
51%
Community Sue gives the cafe a B+ rating after she tries this food Crepes
47%
Bill buys a sign saying this when he doubles the blackberry harvest Live, Laugh, Love
47%
Mr. Gregorian's cat Anoush
42%
Rooster who is always trying to take rule of the farm Cogburn
42%
Bill secretly worked as a salesman overnight for this product Beef Up Energy Drink
38%
Cricket tries to get his family a free meal by eating ice cream at this restaurant Crispy's
36%
Bill and Alice leave the kids at this gas station while they are choosing a snack Truckee's
26%
No matching quizzes found
Score Distribution
Percent of People with Each Score
Percentile by Number Answered
Your Score History
You have not taken this quiz